000 02667cam a2200505 i 4500
001 26720
003 Mx-PuUPA
005 20250326095604.0
008 140415s2000 sp ao fr 001 0 mul d
017 _aB. 11.418-05
020 _a8496185486
040 _cMx-PuUPA
_aMx-PuUPA
_bspa
_dMx-PuUPA
_erda
041 1 _hfre
_acat
_aspa
_aeng
110 2 _aCol·legi d'Arquitectes de Catalunya,
_eautor
245 1 3 _aLe Corbusier et le livre :
_bles livres de Le Corbusier dans leurs editions origineles = Le Corbusier y el libro : las ediciones originales de los libros de Le Corbusier = Le Corbusier and the book : exhibition of Le Corbusier's first edition books = Le Corbusier i el llibre : Edicions originals dels llibres de Le Corbusier /
_cCol·legi D'Arquitectes de Catalunya ; Arnaud Dercelles, Fernando Marzá, Josep Quetglas, Catherine de Smet, [colaboradores] ; traducción, Viempi Tranlations, S.L., Dora Castro, Anna Campeny
246 3 1 _aLe Corbusier y el libro :
_blas ediciones originales de los libros de Le Corbusier
246 3 1 _aLe Corbusier and the book :
_bexhibition of Le Corbusier's first edition books
246 3 1 _aLe Corbusier i el llibre :
_bedicions originals dels llibres de Le Corbusier
264 1 _aBarcelona, España :
_bCOAC,
_c[2005?]
300 _a199 páginas :
_bilustraciones, fotografías (principalmente a color) ;
_c24 cm
336 _2rdacontent
_atexto
_btxt
337 _2rdamedia
_asin medio
_bn
338 _2rdacarrier
_avolumen
_bnc
500 _aTítulos propiamente dichos en español, inglés y catalán tomados de la página [4].
546 _aTexto en múltiples idiomas: francés, español, inglés y catalán.
600 0 4 _aLe Corbusier
_y(1887-1956)
600 0 4 _aLe Corbusier, 1887-1965
_xBibliografía
_vCatálogos
600 0 4 _aLe Corbusier, 1887-1965
_xBibliografías
_xPrimeras ediciones
650 7 _aBibliografías
_2armarc
_vCatálogos
650 7 _aBibliotecas privadas
_2armarc
700 1 _aDercelles, Arnaud,
_ecolaborador
700 1 _aMarzá, Fernando,
_ecolaborador
700 1 _aQuetglás, Josep,
_ecolaborador
700 1 0 _aSmet, Catherine,
_ecolaborador
700 1 0 _aCastro, Dora,
_etraductor
700 1 0 _aCampeny, Anna,
_etraductor
710 1 _aViempi Translations, S. L.,
_etraductor
710 1 _aCol·legi Oficial d’Arquitectes de les Illes Balears
_eexpositor
710 1 _aFundación COAM
_eexpositor
710 1 _aColegio Oficial de Arquitectos de Cádiz
_eexpositor
942 _2ddc
_cLI
_h011
_iC78
999 _c26720
_d26720